000 00807nam a22002417a 4500
003 PE SENCICO BE
005 20251020182620.0
008 221125b |||||||| |||| 00| 0 eng d
020 _a978-84-9954-058-0
040 _aPE SENCICO BE
_cPE SENCICO BE
041 _aspa
080 _aSC/331.827/G68
100 1 _999
_aGómez Etxebarria, Genaro
245 1 _aManual para la formación en prevención de riesgos laborales :
_bcurso superior /
_cGenaro Gómez Etxebarria
250 _a10a ed.
260 _aMadrid:
_bgrupo Wolters Kluwer,
_c2010
300 _a1236 p.:
_bdiagrs.,
_c24 cm.
650 1 0 _aSeguridad industrial
_996
650 2 0 _aPrevención de accidentes
_9100
650 2 4 _9101
_aMEDIDA DE SEGURIDAD
910 _ahfp
_bhfp
_chfp
942 _2ddc
_cLIB
_h331.827
_iG68
999 _c3645
_d3645